Ramsés II e a Batalha de Kadesh (Record no. 70613)

MARC details
000 -LÍDER
campo de controle de tamanho fixo 00372 a2200157 4500
001 - NÚMERO DE CONTROLE
campo de controle 70613
020 ## - ISBN - INTERNATIONAL STANDARD BOOK NUMBER
ISBN - International Standard Book Number 9788563382023
040 ## - FONTE DA CATALOGAÇÃO
Instituição que transcreveu o registro Anchieta - Itaigara
100 ## - ENTRADA PRINCIPAL--NOME PESSOAL
Nome pessoal Rosa, Regis L. A.
240 10 - TÍTULO UNIFORME
Título uniforme Ramsés II e a Batalha de Kadesh
Idioma da obra por
245 10 - TÍTULO
Título Ramsés II e a Batalha de Kadesh
300 ## - DESCRIÇÃO FÍSICA
Extensão 107
362 0# - DATAS DE PUBLICAÇÃO E/OU DESIGNAÇÃO SEQUENCIAL
Datas de publicação e/ou designação sequencial 2010
650 #4 - ASSUNTO--TERMO TÓPICO
Cabeçalho tópico ou nome geográfico Ficção brasileira
942 ## - ELEMENTOS DE ENTRADA ADICIONADOS (KOHA)
Tipo de material Koha Livros
Holdings
Situação do descarte Situação das perdas Situação física Não pode ser emprestado Biblioteca de origem Biblioteca atual Data de aquisição Total de empréstimos Número de chamada completo Código de barras Data de último acesso Data do preço efetivo Tipo de material Koha
        Colégio São Paulo Colégio São Paulo 21/11/2023   869.93 GON RAM 4179/ITA 21/11/2023 21/11/2023 Livros